Guess the Fusion Rock Song Lyrics #73 - Statistics

General Stats
  • This quiz has been taken 13 times
  • The average score is 121 of 188
Answer Stats
Answer % Correct
a
100%
A
100%
he
100%
on
100%
the
100%
are
86%
at
86%
Cause
86%
don't
86%
go
86%
heart
86%
his
86%
how
86%
in
86%
it
86%
men
86%
they
86%
want
86%
wants
86%
what
86%
Where
86%
where
86%
who
86%
You
86%
all
71%
can
71%
goin
71%
if
71%
it's
71%
just
71%
know
71%
man
71%
never
71%
night
71%
Oh
71%
real
71%
to
71%
you're
71%
around
57%
been
57%
crazy
57%
feels
57%
head
57%
nothing
57%
Old
57%
old
57%
out
57%
Some
57%
up
57%
you've
57%
blame
43%
Blame
43%
Bob Seger
43%
comes
43%
Everywhere
43%
Hey
43%
keep
43%
knows
43%
moon
43%
Once
43%
Ooh
43%
right
43%
angels
29%
beside
29%
cries
29%
crowd
29%
door
29%
easy
29%
faces
29%
fear
29%
Heaven
29%
inside
29%
Laughin
29%
light
29%
loud
29%
midnight
29%
must
29%
nightmares
29%
opens
29%
shame
29%
Shame
29%
Step
29%
toes
29%
tread
29%
Until
29%
until
29%
watch
29%
woman's
29%
Comfort
14%
slow
14%
Strangers
0%
No matching quizzes found
Score Distribution
Percent of People with Each Score
Percentile by Number Answered
Your Score History
You have not taken this quiz